000 00564nam a22002057a 4500
003 koha_MIRAKIL
005 20231213095909.0
008 231213b |||||||| |||| 00| 0 ||| d
020 _b978-9-94488819-6
040 _aTR-IsEVY
_btur
_cTR-IsEVY
082 _aFIC MOS/Y
100 _aMoss, Miriam.
245 0 _aYaramaz fındık
250 _a4. bs.
260 _bTürkiye İş Bankası Kültür Yayınları,
_c2013
300 _a24 s.
650 _aChildren's literature -- Short stories.
650 _aÇocuk edebiyatı -- Hikayeler.
942 _2ddc
_cBK
999 _c11235
_d11235